Most Expensive Transfers from AFC Ajax - Statistics

General Stats
  • This quiz has been taken 366 times
    66 since last reset
  • The average score is 15 of 22
Answer Stats
Sum To Season Player Name % Correct
86.00m Barcelona '19-'20 Frenkie de Jong
98%
85.50m Juventus '19-'20 Matthijs de Ligt
98%
95.00m Manchester United '22-'23 Antony
92%
57.37m Manchester United '22-'23 Lisandro Martínez
86%
40.00m Arsenal '23-'24 Jurrien Timber
83%
39.00m Manchester United '20-'21 Donny van de Beek
81%
31.00m Dortmund '22-'23 Sébastien Haller
81%
38.00m West Ham '23-'24 Edson Álvarez
76%
43.00m West Ham '23-'24 Mohammed Kudus
76%
40.00m Chelsea '20-'21 Hakim Ziyech
75%
26.50m Liverpool '10-'11 Luis Suárez
71%
27.00m Real Madrid '07-'08 Wesley Sneijder
69%
18.50m Bayern Munich '22-'23 Ryan Gravenberch
66%
21.00m Al-Ittihad '24-'25 Steven Bergwijn
66%
27.00m Real Madrid '08-'09 Klaas-Jan Huntelaar
59%
21.00m Barcelona '20-'21 Sergiño Dest
56%
32.00m SSC Napoli '16-'17 Arkadiusz Milik
53%
22.50m Fulham '23-'24 Calvin Bassey
53%
42.00m Tottenham Hotspur '17-'18 Davinson Sánchez
53%
27.00m Everton '17-'18 Davy Klaasen
46%
20.50m OGC Nice '19-'20 Kasper Dolberg
46%
18.00m AS Roma '03-'04 Christian Chivu
17%
No matching quizzes found
Score Distribution
Percent of People with Each Score
Percentile by Number Answered
Your Score History
You have not taken this quiz since the last reset